| 000 | 01041cad a2200277 4500 | ||
|---|---|---|---|
| 001 | J118845 | ||
| 008 | 020716n2002 000 0 eng u | ||
| 035 | _a(Sirsi) u118845 | ||
| 050 | _a344.410465 | ||
| 110 |
_aLead Sheet Association _94237 |
||
| 245 |
_aWorking with lead in construction _ba guide to health, safety and environmental care _h[electronic resource] |
||
| 260 |
_aEast Peckham _bLead Sheet Association _c2002 |
||
| 300 |
_a11p. _c21cm. |
||
| 350 | _a0 | ||
| 520 | _aAdvising on health, safety and environmental procedures for those working with lead sheet in construction. | ||
| 590 | _aKA | ||
| 650 |
_aHEALTH AND SAFETY _96244 |
||
| 650 | _aLEAD | ||
| 650 | _aLEAD SHEETING | ||
| 651 | 4 |
_aUnited Kingdom _y |
|
| 690 | _aMANAGEMENT-HEALTH AND SAFETY | ||
| 690 | _aBUILT ENVIRONMENT-BUILDING MATERIALS-METAL-LEAD | ||
| 690 | _aBUILT ENVIRONMENT-BUILDING STANDARDS | ||
| 856 | 4 | 0 |
_uhttps://www.leadsheet.co.uk/assets/files/LSAHealthBrochure.pdf _zView this item free of charge at www.leadsheet.co.uk |
| 942 | _n0 | ||
| 999 |
_c102182 _d102182 |
||